000 00434pab a2200145 454500
008 180718b2005 xxu||||| |||| 00| 0 eng d
100 _aSiddiquee, Noore Alam
245 _aPublic accountability in Malaysia: challenges and critical concerns
260 _c2005
300 _ap.107-29.
650 _aAccountability - Malaysia
650 _aAccountability
773 _aInternational Journal of Public Administration
909 _a65954
999 _c65954
_d65954